| 000 | 00787nam a2200241Ia 4500 | ||
|---|---|---|---|
| 001 | dia_320 | ||
| 003 | CHAP | ||
| 005 | 20221213120755.0 | ||
| 008 | 220117s1996 xx 000 0 und d | ||
| 010 | _a170873 | ||
| 040 | _cCHAP | ||
| 082 | _a637.1 M49 | ||
| 110 |
_aMeéxico. secretaría de salud. dirección general de control sanitario de bienes de Servicio. _9148138 |
||
| 245 |
_aInspección y Saneamiento de Plantas Lecheras / _c por Secretaria de Salud |
||
| 260 |
_aMéxico, Secretaria de Salud _c1996 |
||
| 300 | _a103P. | ||
| 410 | _aCURSOS, No. 301 | ||
| 610 |
_a1.Industrias Lecheras .2. Plantas Lecheras - Inspección _9148139 |
||
| 901 | _a637.1 M49 | ||
| 902 | _aM | ||
| 905 | _a0000001996 mx 0000000000spa00 | ||
| 942 |
_cLIBRO _2ddc |
||
| 999 |
_c170873 _d170873 |
||